| 000 | 00377nam a2200157Ia 4500 | ||
|---|---|---|---|
| 003 | LK-CoDNM | ||
| 008 | 010623t xxu||||| |||| 00| 1 eng d | ||
| 040 |
_aLK-CoDNM _dLK-CoDNM _eLK-CoDNM |
||
| 041 | _aeng | ||
| 080 | _a(x)908 KNO | ||
| 100 | _aKnox,Robert | ||
| 245 | 3 | _aAn Historical Relation of Ceylon | |
| 260 |
_bGunasena _aColombo |
||
| 300 | _b400p, 30 cm | ||
| 942 | _cBK | ||
| 999 |
_c133633 _d133633 |
||